|
|
|
|
| LEADER |
03286nam a2200745 4500 |
| 001 |
ocn806520855 |
| 003 |
OCoLC |
| 005 |
20170124072031.2 |
| 006 |
m o d |
| 007 |
cr |n||||||||| |
| 008 |
111214s2012 mau ob 001 0 eng d |
| 040 |
|
|
|a CDX
|b eng
|e pn
|c CDX
|d OCLCO
|d OCLCQ
|d COO
|d OCLCQ
|d OCLCO
|d OCLCF
|d DG1
|d E7B
|d YDXCP
|d OCLCQ
|d OCLCO
|d OCLCQ
|d DEBBG
|d LOA
|d GrThAP
|
| 019 |
|
|
|a 808345316
|a 809248228
|
| 020 |
|
|
|a 1444338560
|
| 020 |
|
|
|a 9781444338560
|
| 020 |
|
|
|a 9781444338652
|q (pbk. ;
|q alk. paper)
|
| 020 |
|
|
|a 144433865X
|q (pbk. ;
|q alk. paper)
|
| 024 |
8 |
|
|a 9786613615565
|
| 029 |
1 |
|
|a AU@
|b 000050060882
|
| 029 |
1 |
|
|a DKDLA
|b 820120-katalog:000599858
|
| 029 |
1 |
|
|a NZ1
|b 14976567
|
| 029 |
1 |
|
|a DEBBG
|b BV043394985
|
| 035 |
|
|
|a (OCoLC)806520855
|z (OCoLC)808345316
|z (OCoLC)809248228
|
| 037 |
|
|
|a 361556
|b MIL
|
| 043 |
|
|
|a e-uk---
|a a-ii---
|
| 050 |
|
4 |
|a PR149.I6
|b N38 2012eb
|
| 082 |
0 |
4 |
|a 820.9/3585403
|2 23
|
| 049 |
|
|
|a MAIN
|
| 100 |
1 |
|
|a Nayar, Pramod K.
|
| 245 |
1 |
0 |
|a Colonial voices :
|b the discourses of empire /
|c Pramod K. Nayar.
|
| 264 |
|
1 |
|a Malden, MA :
|b Wiley-Blackwell,
|c 2012.
|
| 300 |
|
|
|a 1 online resource
|
| 336 |
|
|
|a text
|b txt
|2 rdacontent
|
| 337 |
|
|
|a computer
|b c
|2 rdamedia
|
| 338 |
|
|
|a online resource
|b cr
|2 rdacarrier
|
| 504 |
|
|
|a Includes bibliographical references and index.
|
| 588 |
0 |
|
|a Print version record.
|
| 505 |
0 |
|
|a Introducing: colonial discourse -- Travel, exploration and discovery: from imagination to inquiry -- The discourse of difference: constructing the colonial exotic -- Empire management: from domestication to spectacle -- Civilizing the empire: colonialism and the ideology of moral-material progress -- Aesthetic understanding: from colonial English to imperial cosmopolitans.
|
| 650 |
|
0 |
|a English literature
|x History and criticism.
|
| 650 |
|
0 |
|a Imperialism in literature.
|
| 650 |
|
0 |
|a Colonies in literature.
|
| 650 |
|
0 |
|a National characteristics, English, in literature.
|
| 650 |
|
0 |
|a Exoticism in literature.
|
| 650 |
|
0 |
|a Other (Philosophy) in literature.
|
| 650 |
|
0 |
|a Discourse analysis, Narrative.
|
| 650 |
|
7 |
|a British colonies.
|2 fast
|0 (OCoLC)fst01910374
|
| 650 |
|
7 |
|a Colonies in literature.
|2 fast
|0 (OCoLC)fst00868477
|
| 650 |
|
7 |
|a Discourse analysis, Narrative.
|2 fast
|0 (OCoLC)fst00894947
|
| 650 |
|
7 |
|a English literature.
|2 fast
|0 (OCoLC)fst00911989
|
| 650 |
|
7 |
|a Exoticism in literature.
|2 fast
|0 (OCoLC)fst01896050
|
| 650 |
|
7 |
|a Imperialism in literature.
|2 fast
|0 (OCoLC)fst00968142
|
| 650 |
|
7 |
|a Literature.
|2 fast
|0 (OCoLC)fst00999953
|
| 650 |
|
7 |
|a National characteristics, English, in literature.
|2 fast
|0 (OCoLC)fst01033416
|
| 650 |
|
7 |
|a Other (Philosophy) in literature.
|2 fast
|0 (OCoLC)fst01904148
|
| 651 |
|
0 |
|a Great Britain
|x Colonies
|x In literature.
|
| 651 |
|
0 |
|a India
|x In literature.
|
| 651 |
|
0 |
|a Great Britain
|x Colonies
|z India
|x History.
|
| 651 |
|
7 |
|a India.
|2 fast
|0 (OCoLC)fst01210276
|
| 655 |
|
4 |
|a Electronic books.
|
| 655 |
|
7 |
|a Criticism, interpretation, etc.
|2 fast
|0 (OCoLC)fst01411635
|
| 655 |
|
7 |
|a History.
|2 fast
|0 (OCoLC)fst01411628
|
| 655 |
|
7 |
|a Electronic books.
|2 local
|
| 776 |
0 |
8 |
|i Print version:
|z 9786613615565
|w (DLC) 2011049168
|
| 856 |
4 |
0 |
|u https://doi.org/10.1002/9781118279007
|z Full Text via HEAL-Link
|
| 994 |
|
|
|a 92
|b DG1
|